Normal view
MARC view
- MANMING, D. CHRISTOPHER
Entry Personal Name
001 - CONTROL NUMBER
- control field: 87180
003 - CONTROL NUMBER IDENTIFIER
- control field: NUST
005 - DATE AND TIME OF LATEST TRANSACTION
- control field: 20211230165815.0
008 - FIXED-LENGTH DATA ELEMENTS
- fixed length control field: 211230|| aca||aabn | a|a d
040 ## - CATALOGING SOURCE
- Original cataloging agency: NUST
- Transcribing agency: NUST
100 ## - HEADING--PERSONAL NAME
- Personal name: MANMING, D. CHRISTOPHER
670 ## - SOURCE DATA FOUND
- Source citation: Work cat.: (NUST): MANMING, D. CHRISTOPHER., INTRODUCTION TO INFORMATION RETRIEVAL /, 2008.
